Средства формирования профессиональной компетентности студентов железнодорожных вузов; Будущее инженерного образования

Bibliografiske detaljer
Parent link:Будущее инженерного образования.— 2016.— С. 140-144
Hovedforfatter: Кузьмина Н. А.
Sprog:russisk
Udgivet: 2016
Format: MixedMaterials Book Chapter
KOHA link:https://koha.lib.tpu.ru/cgi-bin/koha/opac-detail.pl?biblionumber=324714

MARC

LEADER 00000naa2a2200000 4500
001 324714
005 20231101023406.0
035 |a (RuTPU)RU\TPU\book\350325 
035 |a RU\TPU\book\350324 
090 |a 324714 
100 |a 20161121d2016 k y0rusy50 ca 
101 0 |a rus 
102 |a RU 
200 1 |a Средства формирования профессиональной компетентности студентов железнодорожных вузов  |f Н. А. Кузьмина 
320 |a Библиогр.: с. 144 (2 назв.) 
463 0 |0 (RuTPU)RU\TPU\book\344899  |y 978-5-91916-019-9  |t Будущее инженерного образования  |o сборник научных статей  |f Ассоциация технических университетов (АТУ) ; Московский государственный технический университет им. Н. Э. Баумана (МГТУ) ; под ред. А. А. Александрова , В. К. Балтяна  |v С. 140-144  |d 2016  |p 267 с. 
700 1 |a Кузьмина  |b Н. А. 
801 1 |a RU  |b 63413507  |c 20160602 
801 2 |a RU  |b 63413507  |c 20161121  |g RCR 
942 |c BK